000 00758nam a2200217 i 4500
001 73463
003 ES-MaACL
005 20230906171825.0
007 t|
008 041014s1963 sp ||||1| spa d
080 _a94(47)"1917/..."
100 1 _aMac Closky, Herbert.
_975010
245 1 3 _aLa dictadura soviética /
_cMcClosky & Turner ; introducción a la versión española de Gerardo Lagüens.
260 _aMadrid :
_bMorata,
_c[1963] (
_fSamarán)
300 _a2 v. ;
_c23 cm.
505 8 _aContiene: I. Del imperio al bolchevismo -- II. Del bolchevismo al imperialismo
651 4 _aURSS-
_xHistoria.
_99469
700 1 _aTurner, John Elliot.
_9111736
700 1 _aLagüens Marquesán, Gerardo.
_969611
852 _aES-MaACL
_jC-22716-7
_bR.51599
999 _c73463
_d73463